| 000 | 00794cam a2200229 4500 | ||
|---|---|---|---|
| 020 | _a0070711151 | ||
| 082 | 0 | 0 |
_a624.1834 _bWIN _cL-26, P-39 |
| 100 | 1 |
_aWinter, George, _926880 |
|
| 245 | 1 | 0 |
_aDesign of concrete structures _c[by] George Winter [and] Arthur H. Nilson. |
| 250 | _a8th ed. | ||
| 260 |
_aNew York, _bMcGraw-Hill _c[1972] |
||
| 300 |
_axii, 615 p. _billus. _c24 cm. |
||
| 500 | _a"A textbook originated by L. C. Urquhart and C. E. O'Rourke." | ||
| 526 |
_a0 _b0 _c0 _d624_183400000000000_WIN |
||
| 526 |
_a0 _b0 _c0 _d624_183400000000000_WIN |
||
| 650 | 0 |
_aMCE _9379 |
|
| 650 | 0 |
_aPrestressed concrete construction. _920245 |
|
| 650 | 0 | _aReinforced concrete construction. | |
| 700 | 1 |
_aNilson, Arthur H., _920244 |
|
| 700 | 1 |
_aUrquhart, Leonard Church, _942273 |
|
| 942 |
_2ddc _cBK |
||
| 999 |
_c547005 _d547005 |
||